00488nam a2200193 a 4500001001300000003000900013005001700022008004100039020001000080082001300090100002300103245002300126260003100149300000900180500003500189505002800224650001900252700002300271nice12345678IN_TiNIC20260116011415.0050524s1908 teha grp 000 0 per  ac10000a295bKIR aKirmani, K Khusroo aFrogh-E-Mizd Yasni aTehranbNo Publisherc1908 a311p aincludes index and biblioraphy2 aHand Written Manuscript aZoroastrianism1 aKirmani, K Khusroo